| 000 | 00435nam a2200133Ia 4500 | ||
|---|---|---|---|
| 008 | 170221s9999 xx 000 0 und d | ||
| 100 | _aMourad Mroua | ||
| 245 | _aINTERNATIONAL PORTFOLIO CHOICES UNDER UNCERTAINTY: A MONTE CARLO SIMULATION PROCESS | ||
| 245 | _cMourad Mroua, Fathi Abid, Wing K. Wong | ||
| 260 | _c2012 | ||
| 300 | _a6 : | ||
| 650 | _xBusiness | ||
| 856 | _uhttp://escijournals.net/index.php/JBF/article/view/473/405 | ||
| 999 |
_c313395 _d313395 |
||